Stroje budúcnosti prichádzajú
Nástup digitalizácie a nové poznatky z oblati piezotechniky a riadiacich softvérov. Princíp "plug and work", teda zapoj a pracuj. Nové flexibilné zariadenia výrobných liniek v zmysle konceptu Priemysel 4.0.
Guardado en:
| Autor principal: | |
|---|---|
| Formato: | Capítulo de libro |
| Lenguaje: | eslovaco |
| Materias: | |
| Etiquetas: |
Sin Etiquetas, Sea el primero en etiquetar este registro!
|
MARC
| LEADER | 00000naa a2200000 4500 | ||
|---|---|---|---|
| 001 | 0231332 | ||
| 005 | 20221104113135.7 | ||
| 041 | 0 | |a slo | |
| 044 | |a SK | ||
| 245 | 1 | 0 | |a Stroje budúcnosti prichádzajú |c Peter Marianyi |
| 520 | |a Nástup digitalizácie a nové poznatky z oblati piezotechniky a riadiacich softvérov. Princíp "plug and work", teda zapoj a pracuj. Nové flexibilné zariadenia výrobných liniek v zmysle konceptu Priemysel 4.0. | ||
| 610 | 2 | 0 | |a technológie nové |
| 610 | 2 | 0 | |a technika digitálna |
| 610 | 2 | 0 | |a systémy výrobné automatizované |
| 610 | 2 | 0 | |a priemysel 4.0 |
| 610 | 2 | 0 | |a linky výrobné |
| 610 | 2 | 0 | |a softvér |
| 100 | 1 | |a Marianyi, Peter | |